Integrovaný dohľad nad finančným trhom na Slovensku diplomová práca

Salvato in:
Dettagli Bibliografici
Autore principale: Javorová, Anna
Ente Autore: Národohospodárska fakulta EU. Katedra bankovníctva a medzinárodných financií
Altri autori: Sobek, Otto
Natura: Libro
Lingua:slovacco
Pubblicazione: Bratislava 2009
Tags: Aggiungi Tag
Nessun Tag, puoi essere il primo ad aggiungerne!!

MARC

LEADER 00000nam$a2200000$$$4500
001 0095379
005 20240319123239.1
041 0 |a slo 
044 |a SK 
245 1 0 |a Integrovaný dohľad nad finančným trhom na Slovensku  |b diplomová práca  |c Anna Javorová ; škol. Otto Sobek 
264 1 |a Bratislava  |c 2009 
300 |a 67 s. 
100 1 |a Javorová, Anna 
700 1 |a Sobek, Otto 
710 2 |a Národohospodárska fakulta EU. Katedra bankovníctva a medzinárodných financií